000 00322nam a2200133 i 4500
001 bg
100 1 _aRUX, Wiktor
245 0 _aHandel Wschód - Zachód :
_bszanse, perspektywy /
_cWiktor Rux.
260 _aWarszawa,
_c1975.
040 _cBPK
041 _apol
942 _cKS
008 s pl f |000 0 pol
999 _c26876
_d26876
856 _uhttp://koha.tu.koszalin.pl/cgi-bin/koha/opac-detail.pl?biblionumber=26876
_yKatalog online BPK